Influencia del "Silbersalvarsan" sobre los leucocitos circulantes en la sangre / (Record no. 22982)

MARC details
000 -LEADER
campo de control de longitud fija 00662nam a2200181 i 4500
001 - NÚMERO DE CONTROL
campo de control 22982
003 - IDENTIFICADOR DE NÚMERO DE CONTROL
campo de control ES-MaACL
005 - FECHA Y HORA DE LA ÚLTIMA TRANSACCIÓN
campo de control 20230906152806.0
007 - CAMPO FIJO DE DESCRIPCIÓN FÍSICA--INFORMACIÓN GENERAL
campo de control de longitud fija t|
008 - DATOS DE LONGITUD FIJA--INFORMACIÓN GENERAL
campo de control de longitud fija 021205s1921 sp ||||1| spa d
100 1# - ENTRADA PRINCIPAL--NOMBRE DE PERSONA
Nombre de persona Alvarez de Toledo y Valero, Ramón.
9 (RLIN) 20787
245 10 - MENCIÓN DEL TÍTULO
Título Influencia del "Silbersalvarsan" sobre los leucocitos circulantes en la sangre /
Mención de responsabilidad, etc. por Ramón Alvarez de Toledo y Valero.
260 ## - PUBLICACIÓN, DISTRIBUCIÓN, ETC.
Lugar de publicación, distribución, etc. Madrid :
Nombre del editor, distribuidor, etc. [s.n.,
Fecha de publicación, distribución, etc. 1921]
300 ## - DESCRIPCIÓN FÍSICA
Extensión 12 p. ;
Dimensiones 24 cm.
500 ## - NOTA GENERAL
Nota general Separata de: Archivos de Cardiología y Hematología, Col. II, 10 octubre 1921.
740 0# - ENTRADA AGREGADA--TÍTULO RELACIONADO/ANALÍTICO NO CONTROLADO
Título relacionado o analítico no controlado Archivos de cardiología y hematología.
852 ## - LOCALIZACIÓN
Ubicación ES-MaACL
Número de control de estantería 1819-F-25
Sublocalización o colección R.18074
Holdings
Estatus retirado Estado de pérdida Estado de daño No para préstamo Colección Biblioteca de origen Biblioteca actual Ubicación en estantería Fecha de adquisición Fuente de adquisición Total de préstamos Signatura topográfica completa Código de barras Visto por última vez Precio de reemplazo Tipo de ítem Koha
        Colección de folletos Biblioteca del Ateneo de Madrid Biblioteca del Ateneo de Madrid Depósito folletos 17/01/2008     1819-F-25 1023674 23/02/2023 23/02/2023 Folleto